Statistiques concernant reference moilues

Cliquez ici pour prendre le quiz!

Statistiques générales

  • Ce quiz a été pris 4 fois
  • Le résultat moyen est 11 sur 15

Statistiques - réponses

debutfin% Correct
j'ai enviede chier
100%
t'avais justea double jump
75%
madame, vousallez pas me croire
75%
oh ta gueule bbeatrice
75%
wallah t'esgros
75%
ta gueule ouje me branle sur ta soeur
75%
mon kaki il s'estkendu
75%
focuslucile
75%
mon papi il s'estpendu
75%
oh ta gueule lepours
75%
elle vous faitesquoi
75%
ferme la tu t'appellessydney
75%
t'estrapu
75%
bah ouitu penses
75%
oh les gars hierje vous ait pas dit une chiasse
25%

Distribution des résultats

Percentile par nombre de réponses

% des personnes avec chaque résultat

Votre développement - résultats

Vous n’avez pas pris ce quiz